| 000 | 00560cab a2200181 4500 | ||
|---|---|---|---|
| 001 | WB2624-30 | ||
| 008 | 090401t1990 xxu||||| |||| 00| 0 eng d | ||
| 035 | _a(Sirsi) u19882 | ||
| 041 | _aeng | ||
| 245 | _aBuilding society sets up estate agency franchise | ||
| 260 | _c1990 | ||
| 350 | _a0 | ||
| 490 |
_aFinancial Adviser _v21/6/90 p10 |
||
| 520 | _aThe Town & Country Building Society is setting up a 125 branch franchise d estate agency network. | ||
| 690 | _aMANAGEMENT-BUSINESS MANAGEMENT-PROFESSIONAL PRACTICE | ||
| 942 | _n0 | ||
| 948 | _c04/03/1997 | ||
| 999 |
_c13323 _d13323 |
||